Organización matemática del espacio...; módulo 2: funciones. actividades /
Guardado en:
| Autor Principal: | |
|---|---|
| Formato: | Libro |
| Publicado: |
Buenos Aires :
Estrada,
1993
|
| Series: | Doce + 11
|
| Materias: | |
| Etiquetas: |
Agregar Etiqueta
Sin Etiquetas, Sea el primero en etiquetar este registro!
|
| LEADER | 00749nam a22002175a 4500 | ||
|---|---|---|---|
| 001 | CEM.cems016277 | ||
| 008 | 130507s1993##################000#0#####d | ||
| 005 | 20210927164223.0 | ||
| 003 | CEMS | ||
| 245 | 1 | 0 | |a Organización matemática del espacio...; módulo 2: funciones. actividades / |c Lucrecia Delia Iglesias, Eva Magdalena Szini de Batet y Susana Catoggio de Pinto |
| 260 | |a Buenos Aires : |b Estrada, |c 1993 | ||
| 300 | |a 40 p. | ||
| 490 | 1 | |a Doce + 11 | |
| 100 | 1 | |a Iglesias, Lucrecia Delia | |
| 082 | 0 | 4 | |a 510 |
| 653 | |a Funciones-composicion de | ||
| 653 | |a Funciones | ||
| 653 | |a Funciones biyectivas | ||
| 653 | |a Matematica 1er. año-ejercicios | ||
| 653 | |a Matematica 1er. año | ||
| 859 | |a CEMS |b BIB. CEMS - 11 de abril |h 510 |i Ig4-1/2 |p 17367.93 |t Ej.1 | ||
